Transactional Analysis in Psychotherapy : A Systematic Individual and Social Psychiatry /

Đã lưu trong:
Chi tiết về thư mục
Tác giả chính: Berne, Eric (autor)
Định dạng: Sách
Ngôn ngữ:Tiếng Anh
Được phát hành: Nueva York, EUA : Ballantine Books, 1975, c1961
Phiên bản:3a impresión
Các nhãn: Thêm thẻ
Không có thẻ, Là người đầu tiên thẻ bản ghi này!

MARC

LEADER 00000nam^a2200000^a^4500
001 000596098
005 20250521000000.0
009 20260310133059.646
037 |a Acervo ITESO - Biblioteca 
041 |a ING 
091 |a FCV. 00047 
100 |a Berne, Eric  |e (autor) 
240 1 1 |a [Análisis transaccional en psicoterapia] 
245 1 0 |a Transactional Analysis in Psychotherapy :  |b A Systematic Individual and Social Psychiatry / 
246 2 |a Título en la cubierta: Transactional Analysis in Psychotherapy 
250 |a 3a impresión 
264 4 |a Nueva York, EUA :  |b Ballantine Books,  |c 1975, c1961 
300 |a XXI, 298 p. 
336 |a texto  |b txt  |2 rdacontenido 
337 |a sin mediación  |b n  |2 rdamedio 
338 |a volumen  |b nc  |2 rdasoporte 
649 |a XX 
910 |a Fondo Juan José Coronado Villanueva S.J. 
920 |a Impresos - Libros 
930 |a Fondos Especiales 
905 |a 144 
901 |a 596598-10  |b IT2  |c ESP  |i D78247  |u 20250521 
902 |a https://opac.biblio.iteso.mx/vufind/Record/000596098